| 000 | 00562nam a2200217 a 4500 | ||
|---|---|---|---|
| 999 |
_c5420 _d5420 |
||
| 001 | 5420 | ||
| 003 | BD-JhCC | ||
| 005 | 20200219134008.0 | ||
| 008 | 171213s2015 bg a|||| || | 000 0 eng d | ||
| 035 | _a(BD-JhCC)5420 | ||
| 040 |
_aBD-JhCC _dBD-JhCC |
||
| 041 | _aeng | ||
| 082 |
_a540 _bISL 2015 |
||
| 100 | _aIslam, Md. Rabiul | ||
| 245 |
_aChemistry Second Paper For Classes XI-XII / _cMd. Rabiul Islam, |
||
| 260 |
_aDhaka : _bAbacus Publications, _c2015. |
||
| 300 |
_a544 p. : _c23 cm. |
||
| 650 | _aChemistry | ||
| 942 |
_2ddc _cBK _02 |
||